Statistiques concernant Les mots et leurs contraires dans la langue française

Cliquez ici pour prendre le quiz!

Statistiques générales

  • Ce quiz a été pris 589 fois
  • Le résultat moyen est 56 sur 60

Statistiques - réponses

MotContraire% Correct
grandpetit
100%
froidchaud
99%
hommefemme
99%
journuit
98%
positifnégatif
98%
ouvrirfermer
98%
blancnoir
98%
pèremère
98%
fillegarçon
97%
plusmoins
97%
matinsoir
97%
beaucouppeu
97%
frèresoeur
97%
jeunevieux
97%
premierdernier
97%
richepauvre
97%
chaudfroid
97%
vraifaux
97%
tôttard
97%
intérieurextérieur
97%
étéhiver
97%
rapidelent
97%
toujoursjamais
96%
lourdléger
96%
entrersortir
96%
bashaut
96%
débutfin
96%
monterdescendre
96%
longcourt
95%
bonmauvais
95%
méchantgentil
95%
deboutassis
95%
minoritémajorité
95%
mâlefemelle
94%
propresale
94%
se taireparler
94%
allumeréteindre
94%
continuerarrêter
94%
gai,joyeuxtriste
94%
aimerdétester
94%
rirepleurer
93%
fortfaible
93%
soussur
93%
beaulaid
93%
dedansdehors
93%
avantaprès
92%
remplirvider
91%
gagnéperdu
91%
accepterrefuser
90%
nouveauancien
89%
durmou
88%
départarrivée
88%
heureuxmalheureux
88%
accélérerralentir
87%
grosmaigre
84%
interdirautoriser
84%
bon marchécher
84%
peureuxcourageux
81%
largeétroit
78%
calmebruyant
35%

Distribution des résultats

Percentile par nombre de réponses

% des personnes avec chaque résultat

Votre développement - résultats

Vous n’avez pas pris ce quiz